| Tag |
First Indicator |
Second Indicator |
Subfields |
| LEADER |
00000cam a2200000 a 4500 |
| 001 |
in00001002002 |
| 005 |
20150927190505.0 |
| 008 |
900625s1900 nyu 00010 eng d |
| 035 |
|
|
|a (OCoLC)21916364
|
| 035 |
|
|
|9 AEZ9713AM
|
| 040 |
|
|
|a TXA
|c TXA
|d UtOrBLW
|
| 049 |
|
|
|a TXA1 [KIPL]
|
| 090 |
|
|
|a PR4854
|b .R42 1900z
|
| 100 |
1 |
|
|a Kipling, Rudyard,
|d 1865-1936.
|
| 245 |
1 |
4 |
|a The recessional :
|b Departmental ditties and the vampire /
|c by Rudyard Kipling.
|
| 264 |
|
1 |
|a New York :
|b Dodge,
|c [1900?]
|
| 300 |
|
|
|a 146 pages ;
|c 16 cm.
|
| 336 |
|
|
|a text
|b txt
|2 rdacontent
|
| 337 |
|
|
|a unmediated
|b n
|2 rdamedia
|
| 338 |
|
|
|a volume
|b nc
|2 rdacarrier
|
| 740 |
0 |
|
|a Departmental ditties.
|
| 740 |
4 |
|
|a The vampire.
|
| 999 |
|
|
|a MARS
|
| 999 |
f |
f |
|s bdfbd5c5-2ddc-3b0c-be68-a71a24ea96bf
|i 5cecdf05-d5ea-3a56-b352-017ae1cef708
|t 0
|
| 952 |
f |
f |
|p noncirc
|a Texas A&M University
|b College Station
|c Cushing Memorial Library & Archives
|d Cushing: Literature/Kipling (Does not check out)
|t 0
|e PR4854 .R42 1900z
|h Library of Congress classification
|i unmediated -- volume
|
| 998 |
f |
f |
|a PR4854 .R42 1900z
|t 0
|l Cushing: Literature/Kipling (Does not check out)
|